[Event "Charlotte Open 2020"]
[Site "Charlotte"]
[Date "2020.01.04"]
[Round "5.19"]
[White "Sarkar, Justin"]
[Black "Xu, Grant"]
[Result "1-0"]
[WhiteElo "2385"]
[BlackElo "2228"]
[Annotator "TA"]
[PlyCount "119"]
[EventDate "2020.01.02"]
[EventType "swiss"]
[EventCountry "USA"]
[SourceTitle "playchess.com"]
[Source "ChessBase"]
[SourceQuality "1"]

{[%evp 11,119,14,37,29,63,64,70,70,66,67,89,63,87,85,97,93,92,89,114,74,82,82,85,45,54,51,47,47,67,45,55,48,75,75,87,52,88,69,96,81,191,200,196,191,198,204,358,355,362,306,431,420,397,413,466,452,561,572,616,589,725,716,743,739,734,722,908,887,1002,999,1489,1447,1238,766,775,758,757,750,757,736,712,712,697,693,6464,6448,6381,6225,6159,758,721,708,828,822,916,908,883,883,769,766,831,820,876,895,900,888,1131,1088,5347,2194]} 1. d4 Nf6 2. c4 e6 3. Nc3 Bb4 4. e3 O-O 5. Bd3 b6 6. Nge2 Bb7 7. a3 {E47: Nimzo-Indian: Rubinstein: 5 Bd3 without ...d5} Be7 (7... Bxc3+ 8. Nxc3 d5 9. cxd5 Nxd5 10. O-O Nxc3 11. bxc3 c5 12. Bb2 Nc6 13. Qh5 f5 14. Rad1 Qf6 15. Ba1 Rad8 16. Be2 Qe7 17. c4 Na5 18. dxc5 {1-0 (34) Khismatullin,D (2651)-Morozevich,A (2711) Berlin 2015}) 8. e4 d6 9. O-O {White is slightly better.} e5 10. d5 a5 $146 ({Predecessor:} 10... Bc8 11. Ng3 h6 12. b4 Nh7 13. a4 Bg5 14. Ba3 Bf4 {1-0 (32) Rapouso,R (1967)-Mesquita,A (1706) Curitiba 2015}) 11. Rb1 Kh8 12. b4 Ng8 13. Be3 Nd7 14. f3 g6 15. Bc2 Bg5 16. Bf2 Ne7 17. c5 {Strongly threatening c6.} axb4 18. axb4 bxc5 19. bxc5 Ba6 20. cxd6 cxd6 21. Bd3 Qc7 22. Bxa6 Rxa6 23. Qd3 Ra3 24. Ra1 $36 {[%mdl 2048] White is more active.} Rb3 25. h4 Nc5 (25... Bf6 $16) 26. Qc2 $18 Bh6 {[#]} 27. Na4 $1 {[%cal Bc3a4,Ba4c5,Bc5a6][%mdl 32]} Rfb8 28. Nxc5 Rb2 $2 (28... dxc5 {was necessary.} 29. Qxc5 Qxc5 30. Bxc5 Nc8) 29. Qd1 {Black must now prevent Na6.} Rd2 30. Na6 {[%mdl 64] Double Attack} Qc4 (30... Qd8 $142) 31. Qc1 (31. Nxb8 Rxd1 32. Rfxd1 Qxe2 $18) 31... Qxc1 32. Nxc1 ({Not} 32. Raxc1 Rbb2 $16) 32... Rbb2 {If Black can now play ...Be3 this consolidates a bit.} 33. Ra3 {[%cal Ba1a3,Ba3a7,Ba7f7][%mdl 32] White is clearly winning.} Rbc2 34. Nd3 f5 35. Nab4 Rc4 36. Ra7 Ng8 37. Rf7 fxe4 38. fxe4 Rxe4 39. Ra1 Bf4 40. Nxf4 Rxf4 41. Rxf4 exf4 42. Nc6 Nh6 43. Bd4+ Kg8 44. Ra8+ Kf7 45. Ra7+ Kg8 46. Ne7+ Kf8 {[#]} 47. Nxg6+ $1 {[%mdl 512]} Ke8 (47... hxg6 48. Bg7+) 48. Re7+ Kd8 49. Bb6+ Kc8 50. Nxf4 Ng4 51. g3 Ne5 52. Kf1 h6 53. Rc7+ Kb8 54. Rc3 Kb7 55. Be3 Ra2 56. Ne6 Ng4 57. Bf4 Ra5 58. Rc7+ Kb6 59. Rc6+ {[%mdl 64] Double Attack} Kb5 60. Nd4+ {Accuracy: White = 76%, Black = 38%.} 1-0

[Event "Charlotte Open 2020"]
[Site "Charlotte"]
[Date "2020.01.04"]
[Round "5.20"]
[White "Vigorito, David"]
[Black "Puckett, Matthew"]
[Result "1-0"]
[WhiteElo "2368"]
[BlackElo "2148"]
[Annotator "TA"]
[PlyCount "71"]
[EventDate "2020.01.02"]
[EventType "swiss"]
[EventCountry "USA"]
[SourceTitle "playchess.com"]
[Source "ChessBase"]
[SourceQuality "1"]

{[%evp 14,121,35,21,26,40,29,32,47,45,58,70,62,71,75,73,75,73,66,71,77,86,89,52,78,40,49,41,46,38,44,0,22,0,8,0,54,0,0,0,82,0,512,502,484,483,632,643,632,631,624,0,612,0,0,0,598,572,5397,41,47,43,50,40,43,33,48,40,57,39,62,46,55,55,55,55,93,90,92,92,144,8,19,19,64,77,291,284,251,277,299,252,171,168,1631,1108,1199,1598,1521,602,5591,4666,6091,5624,29968,29971,29971,29972,29973,29973]} 1. d4 Nf6 2. c4 e6 3. g3 Bb4+ 4. Bd2 a5 5. Bg2 d6 6. Nf3 Nbd7 7. O-O e5 8. Be3 exd4 {E11: Bogo-Indian} 9. Bxd4 O-O 10. Nc3 Bc5 {White is slightly better.} 11. Qc2 c6 12. Rad1 Qe7 13. e4 $146 ({Predecessor:} 13. Rfe1 Nb6 14. b3 a4 15. h3 Re8 16. Bxc5 dxc5 {½-½ (46) Xu,Y (2540)-Saurabh,A (2284) Sharjah 2017}) 13... Ne5 14. Bxc5 Nxf3+ 15. Bxf3 dxc5 16. Bg2 Be6 17. b3 Rad8 18. h3 Rd4 19. f4 Rfd8 20. e5 Ne8 21. g4 Bc8 22. Ne4 f6 23. exf6 Nxf6 24. Rde1 g6 (24... Nxe4 $11 25. Rxe4 (25. Bxe4 Qh4 $15) 25... Qd6) 25. Rf2 (25. f5 $14 Nxe4 26. fxg6 (26. Rxe4 Rxe4 27. Qxe4 Qxe4 $11) (26. Bxe4 Qh4 $14)) 25... Nxe4 $11 26. Bxe4 Kf8 (26... Qh4 $11 27. Bg2 Rxf4) 27. Kg2 (27. f5 $16 gxf5 28. Ree2 (28. gxf5 Qh4 $11)) 27... Bf5 $2 {[%mdl 8192]} (27... Re8 $11 28. Rfe2 Qd6) 28. gxf5 $18 gxf5 {[%cal Rd4e4] [#]} 29. Bf3 $1 Qxe1 30. Qxf5+ Kg7 31. Qg5+ Kh8 {[#] And now ...Rg8 would win.} 32. Qf6+ $1 Kg8 33. Qg5+ Kh8 {...Rg8 is the strong threat.} 34. Qf6+ $1 Kg8 35. Re2 Qb1 {Hoping for ...Qg6+.} 36. Bh5 {Played: Bf3-e4} 1-0

[Event "Charlotte Open 2020"]
[Site "Charlotte"]
[Date "2020.01.04"]
[Round "6.1"]
[White "Grabinsky, Aaron"]
[Black "Chandra, Akshat"]
[Result "1/2-1/2"]
[WhiteElo "2363"]
[BlackElo "2524"]
[Annotator "ChessBase"]
[PlyCount "71"]
[EventDate "2020.01.02"]
[EventType "swiss"]
[EventCountry "USA"]
[SourceTitle "playchess.com"]
[Source "ChessBase"]
[SourceQuality "1"]
[TimeControl "6000+30"]

1. b3 {[%emt 0:00:00]} e5 {[%emt 0:00:39]} 2. Bb2 {[%emt 0:00:00]} Nc6 {[%emt 0:00:02]} 3. e3 {[%emt 0:00:00]} g6 {[%emt 0:00:17]} 4. d4 {[%emt 0:00:32]} Bg7 {[%emt 0:04:14]} 5. d5 {[%emt 0:00:27]} Nce7 {[%emt 0:01:00]} 6. c4 {[%emt 0:00:19]} d6 {[%emt 0:00:15]} 7. g3 {[%emt 0:01:09]} h5 {[%emt 0:09:55]} 8. h4 {[%emt 0:01:09]} Nh6 {[%emt 0:03:28]} 9. Bg2 {[%emt 0:02:47]} Ng4 {[%emt 0:03:18]} 10. Nc3 {[%emt 0:02:36]} O-O {[%emt 0:06:32]} 11. Nh3 {[%emt 0:02:53]} Nf5 {[%emt 0:03:53]} 12. Ne4 {[%emt 0:06:22]} Bd7 {[%emt 0:07:49]} 13. Qe2 {[%emt 0:03:04]} c6 {[%emt 0:02:14]} 14. dxc6 {[%emt 0:03:36]} Bxc6 {[%emt 0:02:13]} 15. Nhg5 {[%emt 0:08:56]} Qb6 {[%emt 0:09:53]} 16. Bf3 {[%emt 0:09:18]} d5 {[%emt 0:08:37]} 17. cxd5 {[%emt 0:00:54]} Bxd5 {[%emt 0:00:31]} 18. O-O {[%emt 0:05:27]} f6 {[%emt 0:04:19]} 19. Nh3 {[%emt 0:00:38]} Rfd8 {[%emt 0:04:33]} 20. Nc3 {[%emt 0:13:01]} Bxf3 {[%emt 0:01:15]} 21. Qxf3 {[%emt 0:00:05]} Rd2 {[%emt 0:13:26]} 22. Rfd1 {[%emt 0:00:57]} Rad8 {[%emt 0:02:11]} 23. Rxd2 {[%emt 0:01:34]} Rxd2 {[%emt 0:00:03]} 24. Rd1 {[%emt 0:00:22]} Qd8 {[%emt 0:00:50]} 25. Rxd2 {[%emt 0:00:19]} Qxd2 {[%emt 0:00:01]} 26. Qd5+ {[%emt 0:00:30]} Qxd5 {[%emt 0:00:02]} 27. Nxd5 {[%emt 0:00:08]} Kf7 {[%emt 0:00:17]} 28. e4 {[%emt 0:00:41]} Ne7 {[%emt 0:01:37]} 29. Nb4 {[%emt 0:01:48]} Ke6 {[%emt 0:00:49]} 30. Kf1 {[%emt 0:00:14]} Bf8 {[%emt 0:00:46]} 31. Ke2 {[%emt 0:00:32]} a5 {[%emt 0:00:33]} 32. Nd3 {[%emt 0:00:45]} Nc6 {[%emt 0:00:07]} 33. a4 {[%emt 0:01:31]} Be7 {[%emt 0:00:20]} 34. Ng1 {[%emt 0:01:53]} f5 {[%emt 0:04:21]} 35. exf5+ {[%emt 0:01:18]} gxf5 {[%emt 0:00:37]} 36. Nf3 {[%emt 0:03:31]} 1/2-1/2

[Event "Charlotte Open 2020"]
[Site "Charlotte"]
[Date "2020.01.04"]
[Round "6.2"]
[White "Brodsky, David"]
[Black "Ali Marandi, Cemil Can"]
[Result "0-1"]
[WhiteElo "2466"]
[BlackElo "2537"]
[Annotator "TA"]
[PlyCount "44"]
[EventDate "2020.01.02"]
[EventType "swiss"]
[EventCountry "USA"]
[SourceTitle "playchess.com"]
[Source "ChessBase"]
[SourceQuality "1"]

{[%evp 13,110,20,12,17,20,24,22,20,35,19,33,33,45,11,17,0,48,63,62,23,33,20,25,33,37,33,38,50,38,40,59,0,96,-59,-59,-68,-70,-67,-75,-77,-68,-79,-57,-91,-41,-201,-22,-17,-13,-52,-66,-125,-123,-139,-125,-107,-112,-149,-152,-142,-160,-197,-183,-229,-227,-252,-235,-246,-267,-560,-266,-502,-366,-621,-569,-712,-705,-806,-774,-997,-981,-876,-859,-1138,-1173,-1049,-1039,-1512,-1411,-2305,-1933,-29979,-29980,-29980,-29981,-29981,-29982,-29982,-29983]} 1. e4 e5 2. Nf3 Nc6 3. Bc4 Bc5 4. c3 Nf6 5. d3 a6 6. O-O d6 7. a4 h6 8. Re1 {C54: Giuoco Piano: 4 c3 Nf6, main lines with 5 d4 and 5 d3} Ba7 (8... O-O 9. h3 Ba7 10. Nbd2 Be6 11. Bxe6 fxe6 12. b4 Nh5 13. Nf1 Qf6 14. Ra2 Nf4 15. Bxf4 Qxf4 {½-½ (44) Vachier Lagrave,M (2780)-Kramnik,V (2753) Moscow 2019}) 9. Nbd2 {[%cal Bb1d2,Bd2f1,Bf1g3][%mdl 32]} O-O 10. Nf1 {The position is equal.} Re8 11. Ng3 d5 12. exd5 Nxd5 13. a5 Be6 {[#]} 14. Bb3 $146 (14. Nxe5 Bxf2+ 15. Kxf2 Nxe5 $11) ({Predecessor:} 14. Qb3 Rb8 15. h3 Nf4 16. Bxf4 exf4 {½-½ (43) Wang,H (2678)-Puranik,A (2476) Subic Bay 2016}) 14... Nf6 15. Ba4 Ng4 16. Rf1 Bd5 17. c4 e4 18. cxd5 exf3 19. gxf3 Nxf2 $1 20. Rxf2 Bxf2+ 21. Kxf2 Qxd5 22. Be3 (22. Bd2 $1 $14) 22... Rad8 {Played: Re8xe3} 0-1

[Event "Charlotte Open 2020"]
[Site "Charlotte"]
[Date "2020.01.04"]
[Round "6.3"]
[White "Bajarani, Ulvi"]
[Black "Tang, Andrew"]
[Result "1/2-1/2"]
[WhiteElo "2468"]
[BlackElo "2511"]
[Annotator "TA"]
[PlyCount "60"]
[EventDate "2020.01.02"]
[EventType "swiss"]
[EventCountry "USA"]
[SourceTitle "playchess.com"]
[Source "ChessBase"]
[SourceQuality "1"]

{[%evp 24,60,9,12,15,0,0,0,0,0,0,0,0,0,68,58,65,20,12,15,14,8,34,32,39,14,20,18,45,39,29,10,60,60,59,53,52,33,39]} 1. d4 d5 2. c4 e6 3. Nc3 Nf6 4. cxd5 exd5 5. Bg5 c6 6. e3 Be7 7. Bd3 Nbd7 8. Qc2 Nf8 9. Nge2 Ne6 10. Bh4 g6 11. f3 O-O 12. O-O b6 13. Rad1 Bb7 {D36: Queen's Gambit Declined: Exchange Variation: Main line (5 Bg5 c6 6 Qc2)} 14. Kh1 (14. Qc1 Rc8 15. a3 a5 16. Qb1 Nh5 17. Bf2 Bd6 18. e4 Nhf4 19. Nxf4 Nxf4 20. Bg3 Ne6 21. e5 {0-1 (80) Korobov,A (2668)-Yilmaz,M (2640) Kocaeli 2017}) 14... Nh5 15. Bxe7 Qxe7 {The position is equal.} 16. e4 {[#]} dxe4 $146 ({Predecessor:} 16... Nhf4 17. Nxf4 Nxf4 18. exd5 cxd5 19. Rfe1 Qf6 20. Re5 Rae8 21. Rde1 Rxe5 22. Rxe5 {½-½ (40) Muzychuk,M (2528)-Ferreira,J (2539) Linares 2018}) 17. fxe4 Rad8 18. Bc4 c5 (18... b5 $11 19. Bxe6 fxe6) 19. d5 $14 Nc7 {[%cal Be6c7,Bc7e8,Be8d6][%mdl 32]} 20. Qd2 Ne8 21. Bd3 Nd6 22. Ng1 f6 (22... Nf6 {is interesting.} 23. Rfe1 Ng4 24. Nf3 f6 25. h3 Ne5) 23. Nf3 Nf7 24. a4 Ng7 25. Rde1 Ne5 26. Nxe5 Qxe5 27. Qf4 Ne8 28. Qxe5 {White is slightly better.} fxe5 29. Nb1 Nd6 30. b3 Rxf1+ {Accuracy: White = 63%, Black = 58%.} 1/2-1/2

[Event "Charlotte Open 2020"]
[Site "Charlotte"]
[Date "2020.01.04"]
[Round "6.4"]
[White "Lenderman, Aleksandr"]
[Black "Wheeler, Cameron"]
[Result "1-0"]
[WhiteElo "2638"]
[BlackElo "2383"]
[Annotator "TA"]
[PlyCount "75"]
[EventDate "2020.01.02"]
[EventType "swiss"]
[EventCountry "USA"]
[SourceTitle "playchess.com"]
[Source "ChessBase"]
[SourceQuality "1"]

{[%evp 9,75,23,26,26,40,14,13,21,70,71,78,83,80,81,70,77,76,67,76,77,64,80,74,80,81,87,83,98,152,152,164,157,152,169,159,162,169,163,159,144,165,161,148,112,114,121,118,124,116,92,250,245,302,268,345,330,356,356,373,352,620,567,585,581,543,524,491,497]} 1. Nf3 d5 2. d4 Nf6 3. c4 e6 4. Nc3 a6 5. cxd5 exd5 6. Bg5 {D37: Queen's Gambit Declined: 5 Bf4} Be6 7. Bxf6 $146 (7. e3 Nbd7 8. Bd3 c6 9. Qb3 Qb6 10. Qxb6 Nxb6 11. Bxf6 gxf6 12. Nh4 a5 13. O-O-O Bb4 {1-0 (40) So,W (2767)-Demchenko,A (2655) Khanty-Mansiysk 2019}) 7... Qxf6 8. Qb3 {The position is equal.} b5 9. a4 $1 ({Don't go for} 9. Nxd5 $2 Qd8 $19) 9... b4 10. Nxd5 Qd8 11. e4 c6 12. Qe3 $1 cxd5 13. exd5 Qxd5 14. Rc1 $1 {Bc4 is the strong threat.} Be7 {Threatens to win with ...Qb3.} 15. Bd3 $1 {[%cal Rd3e4][%mdl 1024] White has compensation.} Qd7 16. Be4 $1 {[%cal Re4a8]} Qa7 17. Qf4 $1 {Hoping for d5.} Nd7 {White must now prevent ...0-0.} 18. d5 $1 {[%cal Rd5e6]} g5 ({Black should play} 18... O-O) 19. Nxg5 $16 Bxg5 20. Qxg5 Qd4 {[#]} 21. O-O $1 Qxe4 22. dxe6 $40 {[%mdl 128] White goes for the king.} fxe6 {[#]} 23. Rfe1 $1 {[%cal Re1e4]} ({Stronger than} 23. Rc7 Rf8 $17) 23... Qg6 24. Qd5 $1 {[%mdl 64] Double Attack} O-O 25. Qxd7 Rad8 26. Qxe6+ Qxe6 27. Rxe6 {[%mdl 4096] Endgame KRR-KRR} Rd2 28. f3 Rxb2 29. Rxa6 Rd8 $2 (29... b3 $16) 30. h4 $18 b3 {White should prevent ...Rc2.} 31. Kh2 Rb8 32. a5 Ra2 {Strongly threatening ...b2.} 33. Rb6 Rd8 34. Rxb3 Rdd2 $2 (34... Rxa5 35. Rb7 Ra4) 35. Rb8+ {White is clearly winning.} Kg7 36. Rc7+ Kf6 37. Rb6+ Kf5 38. Rg7 {Accuracy: White = 93%, Black = 45%.} 1-0

[Event "Charlotte Open 2020"]
[Site "Charlotte"]
[Date "2020.01.04"]
[Round "6.5"]
[White "Ringoir, Tanguy"]
[Black "Korley, Kassa"]
[Result "0-1"]
[WhiteElo "2501"]
[BlackElo "2432"]
[Annotator "ChessBase"]
[PlyCount "40"]
[EventDate "2020.01.02"]
[EventType "swiss"]
[EventCountry "USA"]
[SourceTitle "playchess.com"]
[Source "ChessBase"]
[SourceQuality "1"]
[TimeControl "6000+30"]

1. d4 {[%emt 0:00:11]} g6 {[%emt 0:00:00]} 2. e4 {[%emt 0:00:18]} Bg7 {[%emt 0:00:00]} 3. Nf3 {[%emt 0:03:22]} d6 {[%emt 0:00:00]} 4. Be2 {[%emt 0:00:04]} Nf6 {[%emt 0:00:00]} 5. Nc3 {[%emt 0:00:04]} O-O {[%emt 0:00:03]} 6. O-O {[%emt 0:00:10]} Nc6 {[%emt 0:00:12]} 7. Be3 {[%emt 0:00:37]} e5 {[%emt 0:03:25]} 8. dxe5 {[%emt 0:00:05]} dxe5 {[%emt 0:01:40]} 9. Bb5 {[%emt 0:00:06]} Qe7 {[%emt 0:03:30]} 10. Bxc6 {[%emt 0:00:06]} bxc6 {[%emt 0:00:02]} 11. Ne1 {[%emt 0:00:05]} Ba6 {[%emt 0:17:13]} 12. Nd3 {[%emt 0:00:30]} Rfd8 {[%emt 0:00:06]} 13. Bg5 {[%emt 0:14:50]} h6 {[%emt 0:16:49]} 14. Bh4 {[%emt 0:00:19]} Rab8 {[%emt 0:02:14]} 15. Rb1 {[%emt 0:03:29]} Qe6 {[%emt 0:11:10]} 16. Qf3 {[%emt 0:02:44]} Bxd3 {[%emt 0:00:08]} 17. cxd3 {[%emt 0:00:02]} Rd4 {[%emt 0:06:00]} 18. b3 {[%emt 0:04:11]} Nd7 {[%emt 0:03:09]} 19. Na4 {[%emt 0:04:28]} Qd6 {[%emt 0:00:11]} 20. Rfd1 {[%emt 0:01:53]} f5 {[%emt 0:03:49]} 0-1

[Event "Charlotte Open 2020"]
[Site "Charlotte"]
[Date "2020.01.04"]
[Round "6.6"]
[White "Hilby, Craig"]
[Black "Jacobson, Brandon"]
[Result "0-1"]
[WhiteElo "2434"]
[BlackElo "2472"]
[Annotator "TA"]
[PlyCount "84"]
[EventDate "2020.01.02"]
[EventType "swiss"]
[EventCountry "USA"]
[SourceTitle "playchess.com"]
[Source "ChessBase"]
[SourceQuality "1"]

{[%evp 9,83,50,66,31,54,9,20,20,9,4,13,13,13,0,0,0,0,0,0,-12,-12,-8,-17,-17,-15,-16,0,21,18,25,35,36,28,28,44,45,58,50,52,41,37,18,29,6,9,-31,48,54,50,54,59,-8,0,-33,-25,-21,-16,-30,-23,-14,0,0,0,-491,-475,-465,-438,-696,-669,-29996,-29997,-29997,-29998,-29998,-29999,-29999]} 1. d4 Nf6 2. c4 b6 {[%cal Bb7b6,Bb6b5,Bb5b4][%mdl 32]} 3. Nf3 Bb7 4. g3 c5 (4... Bxf3 5. exf3 e6 6. Bg2 c6 7. f4 d5 8. Nd2 g6 9. O-O Bg7 10. Qe2 O-O 11. Nf3 Nbd7 12. b3 Rc8 13. Ba3 {½-½ (29) Dubov,D (2700)-Mamedyarov,S (2765) Paris 2019}) 5. d5 b5 6. Nc3 {A50: Queen's Fianchetto Defence (1 d4 Nf6 2 c4 b6)} b4 $1 {[%cal Rb4c3]} 7. Nb1 $146 (7. Na4 $5 {[%cal Ra4c5]}) ({Predecessor:} 7. Na4 e6 8. dxe6 fxe6 9. Bg2 Be7 10. O-O O-O 11. a3 Na6 12. axb4 cxb4 {0-1 (32) Abel,D (2441)-Shabalov,A (2522) Berlin 2015}) 7... g6 8. Bg2 {The position is equal.} Bg7 9. O-O d6 10. Re1 Nbd7 11. h3 O-O 12. a4 Nb6 13. Nbd2 a5 14. Rb1 {[%cal Ba1b1,Bb1b2,Bb2e2][%mdl 32]} e6 15. e4 exd5 16. exd5 Bc8 17. b3 Bf5 18. Rb2 h5 19. Nh4 Bd7 20. Nf1 Nh7 21. Rbe2 Bc3 22. Nd2 g5 $1 {[%cal Rg5h4]} 23. Nhf3 f5 24. Qc2 Nc8 25. h4 {And now hxg5 would win.} g4 26. Nh2 Qf6 27. f4 gxf3 (27... Rf7 $15) 28. Bxf3 $14 Qg6 29. Kh1 Nf6 30. Rf1 (30. g4 $1 $14) 30... Qg7 31. Nb1 Be5 32. Bg5 Ng4 ({Don't blunder} 32... Bxg3 $2 33. Rg2 $18) 33. Rg2 Ne7 34. Be2 $1 Ng6 35. Bd3 $1 Rf7 36. Bxf5 $2 {[%mdl 8192]} (36. Nxg4 $11 {and White stays safe.} hxg4 37. Rxf5 Bxf5 38. Bxf5) 36... Nxh2 $19 37. Kxh2 {[#]} Raf8 $1 38. Bxg6 (38. Bxd7 $142 Rxf1 39. Qe4) 38... Rxf1 39. Nd2 {[#]} Bxg3+ $1 {[%mdl 576] Deflection. Black mates.} 40. Rxg3 R8f2+ 41. Rg2 Qe5+ 42. Bf4 Qxf4# {Accuracy: White = 56%, Black = 71%.} 0-1

[Event "Charlotte Open 2020"]
[Site "Charlotte"]
[Date "2020.01.04"]
[Round "6.7"]
[White "Iotov, Valentin"]
[Black "Talukdar, Rohan"]
[Result "1-0"]
[WhiteElo "2516"]
[BlackElo "2343"]
[Annotator "TA"]
[PlyCount "87"]
[EventDate "2020.01.02"]
[EventType "swiss"]
[EventCountry "USA"]
[SourceTitle "playchess.com"]
[Source "ChessBase"]
[SourceQuality "1"]

{[%evp 22,86,29,26,37,19,31,22,22,22,26,25,32,31,31,37,77,85,89,84,87,91,103,107,121,103,216,207,203,204,226,238,275,247,272,265,283,297,263,270,360,250,239,185,185,187,187,180,297,295,465,454,480,479,472,471,443,488,485,497,495,481,468,459,29979,29980,29999]} 1. c4 Nf6 2. Nc3 d5 3. cxd5 Nxd5 4. Nf3 g6 5. Qb3 Nb6 6. d4 Bg7 7. e4 O-O 8. Be3 Bg4 9. Rd1 e6 10. Be2 Nc6 {[%cal Bb8c6,Bc6a5,Ba5c4][%mdl 32]} 11. Ng1 Bxe2 12. Ngxe2 Qe7 {D99: Grünfeld: Russian System: 7 e4 Bg4 8 Be3 Nfd7 9 Qb3} 13. O-O Na5 (13... Rfd8 14. e5 h6 15. a3 Na5 16. Qc2 c5 17. dxc5 Nbc4 18. Bc1 Nxe5 19. b4 Nac6 20. Ne4 {1-0 (58) Aronian,L (2805)-Kamsky,G (2732) Wijk aan Zee 2012}) 14. Qc2 Nac4 {The position is equal.} 15. Bc1 c5 16. d5 e5 {[#]} 17. a4 $146 {[%cal Ba2a4,Ba4a5][%mdl 32]} ({Predecessor:} 17. Na4 Nd6 18. Nxc5 Rfc8 19. b4 a5 20. a3 Nd7 21. Qd3 Nxc5 22. bxc5 Rxc5 23. a4 Rc4 24. Ba3 Rxa4 25. Rb1 Bf8 26. Bc5 b5 27. Rxb5 {½-½ (28) Sosonko,G (2530)-Birnboim,N (2445) Jerusalem 1986}) 17... Nd6 18. Nb5 Nd7 19. Nxd6 Qxd6 20. Nc3 a6 21. a5 f5 22. Na4 Rac8 23. b3 c4 (23... fxe4 $16 {was called for.} 24. Qc4 Kh8) 24. bxc4 $18 Qb4 25. c5 $1 {[%mdl 64] Deflection} Nxc5 26. Nb6 Rcd8 27. Bd2 Qb5 28. exf5 $1 Rxf5 29. Be3 Bf8 {[#]} 30. d6 $1 {[%mdl 512]} e4 (30... Rxd6 31. Rb1) 31. g4 Re5 32. Nc4 Ree8 {intending ...Nd3.} 33. Rd5 (33. Na3 Qd7 $11) 33... Qd7 34. h3 $1 $36 {[%mdl 2048] White is in control.} ({Weaker is} 34. Rxc5 Qxg4+ 35. Kh1 Qf3+ 36. Kg1 Qg4+ 37. Kh1 Qf3+ 38. Kg1 Qg4+ $11) 34... Nd3 (34... Qa4 $142 35. Rc1 Qxc2 36. Rxc2 Nd7) 35. Nb6 Qf7 (35... Qc6 {was worth a try.} 36. Qb3 Kh8) 36. d7 Re6 37. Qc7 $1 {[%csl LRb7,LRd8]} Be7 {[#] Black wants to play ...Rxb6.} 38. Nc8 $1 {[%cal Rc8e7]} Bf6 {[#] Threatens to win with ...Rc6.} 39. g5 $1 {[%cal Rg5f6]} Rc6 40. Qxb7 Qxd5 41. gxf6 {Black must now prevent Ne7+.} Rxd7 42. Ne7+ Rxe7 (42... Kf7 $18) 43. Qxe7 {[%csl Gf6][%cal Re7g7]} Rc8 44. Qg7# {Accuracy: White = 99%, Black = 47%.} 1-0

[Event "Charlotte Open 2020"]
[Site "Charlotte"]
[Date "2020.01.04"]
[Round "6.8"]
[White "Yu, Jennifer"]
[Black "Karthik Venkataraman"]
[Result "0-1"]
[WhiteElo "2321"]
[BlackElo "2470"]
[Annotator "TA"]
[PlyCount "40"]
[EventDate "2020.01.02"]
[EventType "swiss"]
[EventCountry "USA"]
[SourceTitle "playchess.com"]
[Source "ChessBase"]
[SourceQuality "1"]

{[%evp 9,136,81,70,5,4,-24,-9,-31,-20,-82,-83,-81,-45,-49,-44,-75,-83,-82,-85,-71,-71,-95,-89,-86,-66,-51,0,-89,-77,-82,-76,-90,-85,-183,-160,-204,-210,-260,-240,-352,-310,-313,-311,-282,-170,-158,-168,-170,-163,-160,-161,-160,-160,-164,-152,-149,-141,-172,-159,-281,-136,-368,-386,-1258,-1290,-1226,-1226,-1222,-609,-1281,-1242,-1243,-1204,-1021,-1103,-945,-823,-1453,-1380,-12843,-12841,-12849,-29937,-12848,-29936,-29939,-29940,-29943,-29943,-29950,0,-12789,-3827,-12764,-12365,-8447,-9530,-9441,-7272,-11508,-6561,-12850,-660,-29970,-29972,-29968,-12563,-29974,-29975,-29975,-29976,-29975,-29976,-29982,-29983,-29983,-29984,-29984,-29985,-29985,-29986,-29986,-29986,-29986,-29987,-29988,-29989,-29988,-29989]} 1. d4 g6 2. c4 Bg7 3. Nc3 c5 4. d5 d6 5. e4 e6 6. f4 {A43: Schmid Benoni} (6. Bd3 $14) (6. Nf3 exd5 7. cxd5 a6 8. h3 b5 9. Bd3 Nd7 10. O-O Ngf6 11. Bf4 Nb6 12. a4 b4 13. a5 bxc3 14. axb6 cxb2 15. Rb1 {½-½ (45) Potkin,V (2597)-Zvjaginsev,V (2642) Moscow 2018}) 6... exd5 $11 7. Nxd5 Nc6 {[%cal Bb8c6,Bc6d4,Bd4f3][%mdl 32]} 8. Bd3 {The position is equal.} Nf6 9. h3 (9. Nc3 $11) 9... Nxd5 10. cxd5 Qh4+ 11. Kf1 Nd4 $1 12. Be3 O-O 13. Nf3 Nxf3 $1 14. Qxf3 Bxb2 15. Rb1 $146 Bg7 16. g4 Qe7 17. h4 f5 (17... Bd7 $15) 18. exf5 (18. gxf5 $11 {remains equal.} gxf5 19. e5) 18... gxf5 $17 19. g5 b6 20. h5 Re8 {Played: Bc8-b7} 0-1